Modern countries whose land was once roman - Statistics

General Stats
  • This quiz has been taken 22 times
    19 since last reset
  • The average score is 39 of 42
Answer Stats
Answer % Correct
Austria
100%
Bulgaria
100%
France
100%
Germany
100%
Romania
100%
Turkey
100%
United Kingdom
100%
Albania
94%
Algeria
94%
Egypt
94%
Iraq
94%
Israel
94%
Italy
94%
Kosovo
94%
Libya
94%
Malta
94%
Montenegro
94%
Serbia
94%
Slovenia
94%
Spain
94%
Switzerland
94%
Tunisia
94%
Armenia
89%
Azerbaijan
89%
Belguim
89%
Croatia
89%
Cyprus
89%
Georgia
89%
Greece
89%
Lebanon
89%
Liechtenstein
89%
Morocco
89%
Netherlands
89%
San Marino
89%
Saudi Arabia
89%
Syria
89%
Vatican
89%
Bosnia
83%
Hungary
83%
Macedonia
83%
Kuwait
78%
Luxembourg
78%
No matching quizzes found
Score Distribution
Percent of People with Each Score
Percentile by Number Answered
Your Score History
You have not taken this quiz since the last reset